000 00847nam a2200253 a 4500
001 62137
003 BD-RjUL
005 20211209081040.0
008 170123s2003 bg 00010 eng d
020 _a9845084869
_c: Complimentary
035 _a(BD-RjUL)62262
040 _aBD-RjUL
_beng
_dBD-RjUL
_cBD-RjUL
041 _aeng
082 _223
_a630.95492021
_bNIL 2003 (ZS)
110 _aBangladesh Bureau of Statistics
_9179266
245 _aCensus of Agriculture - 1996 :
_bZila Series: Nilphamari /
_cBangladesh Bureau of Statistics
260 _aDhaka :
_bBBS,
_c2003
300 _axiv, 253 p. :
_bill. ;
_c28 cm.
490 _aZila Series: Nilphamari
500 _aChiefly statistical tables.
650 _aAgriculture
_zBangladesh
_zNilphamari
_vStatistics.
_y1996
_9184860
830 _aZila Series: Nilphamari
_9184861
942 _2ddc
_cRAR
999 _c62137
_d62137